Resoluciones de la ONU 47/90, 64/136, 65/184 y 66/123 y recomendaciones de la OIT nº127 y nº 193 sobre las cooperativas /

Guardado en:
Autores Corporativos: Naciones Unidas., Oficina Internacional del Trabajo., Universidad Nacional del Sur. Gabinete Universitario de Investigación, Docencia y Extensión sobre Cooperativas y otras Entidades de la Economía Social (GIDECOOP)
Otros Autores: Carrizo, Juan José.
Formato: Libro
Idioma:Spanish
Publicado: [Bahía Blanca, Argentina : Gabinete Universitario de Investigación, Docencia y Extensión sobre Cooperativas y otras Entidades de la Economía Social (GIDECOOP)], 2012.
Series:GIDECOOP. Segunda Serie ; no. 10.
Materias:
Etiquetas: Agregar Etiqueta
Sin Etiquetas, Sea el primero en etiquetar este registro!
LEADER 01174nam a22002295a 4500
001 EAD.ead003473
008 130627s2012####ag#######b####000#0#spa#d
005 20160212124219.0
245 0 0 |a Resoluciones de la ONU 47/90, 64/136, 65/184 y 66/123 y recomendaciones de la OIT nº127 y nº 193 sobre las cooperativas /  |c prólogo, Juan José Carrizo. 
260 |a [Bahía Blanca, Argentina :  |b Gabinete Universitario de Investigación, Docencia y Extensión sobre Cooperativas y otras Entidades de la Economía Social (GIDECOOP)],  |c 2012. 
300 |a 46 p. ;  |c 21 cm. 
490 1 |a GIDECOOP. Segunda Serie ;  |v no. 10 
504 |a Incluye referencias bibliográficas. 
700 1 |a Carrizo, Juan José. 
710 2 |a Naciones Unidas. 
710 2 |a Oficina Internacional del Trabajo. 
710 2 |a Universidad Nacional del Sur. Gabinete Universitario de Investigación, Docencia y Extensión sobre Cooperativas y otras Entidades de la Economía Social (GIDECOOP) 
830 0 |a GIDECOOP.  |p Segunda Serie ;  |v no. 10. 
082 0 4 |a 334.01  |2 21 
650 7 |a Cooperativas.  |2 unbist 
650 7 |a Cooperativismo.  |2 isoc 
859 |a AR-BaBDC  |b BIB. ADMINISTRACION GABCOOP - Libros  |h 334.01  |i Un3  |p g01331  |v 10